Only Countries that defeated Italy in FIFA - Statistics

General Stats
  • This quiz has been taken 18 times
  • The average score is 8 of 15
Answer Stats
Times Defeated Country % Correct
2 Brazil
100%
1 France
89%
1 Soviet Union
78%
1 Uruguay
72%
1 Netherlands
67%
1 Sweden
61%
1 Chile
50%
1 Croatia
44%
1 Poland
44%
1 Costa Rica
39%
1 Republic of Ireland
39%
1 South Korea
39%
2 Switzerland
39%
1 Slovakia
33%
1 North Korea
17%
No matching quizzes found
Score Distribution
Percent of People with Each Score
Percentile by Number Answered
Your Score History
You have not taken this quiz